Novým trendom na svetových trhoch je online trading s CFD

CFD - ideálne pre aktívne obchodovanie a využívanie jeho výhod individuálnymi investormi po celom svete. Vznik CFD a jeho obľúbenosť u malých investoroch. Využitie internetu pri elektronickom obchodovaní.

Uložené v:
Podrobná bibliografia
Hlavný autor: Lorinc, Ivan
Médium: Kapitola
Jazyk:Slovak
Predmet:
Tagy: Pridať tag
Žiadne tagy, Buďte prvý, kto otaguje tento záznam!

MARC

LEADER 00000naa$a2200000$$$4500
001 0058241
005 20231006122020.3
041 0 |a slo 
044 |a SK 
245 1 0 |a Novým trendom na svetových trhoch je online trading s CFD  |c Ivan Lorinc 
520 |a CFD - ideálne pre aktívne obchodovanie a využívanie jeho výhod individuálnymi investormi po celom svete. Vznik CFD a jeho obľúbenosť u malých investoroch. Využitie internetu pri elektronickom obchodovaní. 
610 2 0 |a internet 
610 2 0 |a trh finančný 
610 2 0 |a produkty 
610 2 0 |a investori 
100 1 |a Lorinc, Ivan